| 000 | 00732nam a22002417a 4500 | ||
|---|---|---|---|
| 001 | 506 | ||
| 003 | UA-OsUOA | ||
| 005 | 20210716093121.0 | ||
| 007 | ta | ||
| 008 | 20050603b un ||||| |||| 00| 0 ukr d | ||
| 020 | _a9665780840 | ||
| 040 |
_aUA-OsUOA _bukr _cUA-OsUOA _dUA-OsUOA |
||
| 041 | _aukr | ||
| 080 | _a94(477) "17" | ||
| 090 |
_a94(477) "17" _bТ44 |
||
| 245 |
_aТисяча років української суспільно-політичної думки _nКн. 3 |
||
| 260 |
_aК. _bДніпро _c2001 |
||
| 300 | _a296 с. | ||
| 650 | 7 |
_a9 Географія. Біографії. Історія _2UDC |
|
| 942 |
_cBK _2udc |
||
| 955 | _a1 | ||
| 999 |
_c286664 _d286664 |
||